000 nam a22 7a 4500
999 _c28705
_d28704
003 OSt
005 20170528234807.0
008 170528b xxu||||| |||| 00| 0 eng d
020 _a9780176503550
040 _aMMU
_beng
_cMMU
_dMMU
050 _aHM586.B792 2011
100 _aLie Brym
245 _aSOC/
_cBrym Lie
260 _aCanadal;
_bNelson,
_c2011.
300 _ax326 p,;
500 _aIncludes bibliographical references and index
650 _asoc
942 _2lcc
_cLOAN LOAN